00604 2200217 4500001002100000005001700021008004100038035002400079082001200103090001900115100001300134245008500147260002800232300002800260650002900288700002200317850001200339980001400351985000600365999001500371YOGYA-0209000005198220090227032852.0 ind  0010-020900000051982 a791.446 a791.446bFad T aFADLI, R aTerampil WawancarabPanduan Untuk Tak Shyowc12. Fadli ; editor Yovita Hardiwati aJakartabGrasindoc2001 ax, 179 hlmbilusc20 cm aPertunjukan gambar hidup aHardiwati, yovita aYOPDYOG a05-1-2008 a1 a03P0003583